[Event "Titled Tue 17th Jun Early"]
[Site "chess.com INT"]
[Date "2025.06.17"]
[Round "11"]
[White "Shangin, Lev"]
[Black "Manukian, Artak"]
[Result "1-0"]
[WhiteElo "2169"]
[BlackElo "2104"]
[WhiteFideId "55681085"]
[BlackFideId "13301373"]
[EventDate "2025.06.17"]

1. d4 d5 2. c4 dxc4 3. Nf3 Nf6 4. e3 Be6 5. Ne5 Nbd7 6. Nxc4 c6 7. Nc3 Nd5 8.
Be2 g6 9. O-O Bg7 10. e4 Nxc3 11. bxc3 Nb6 12. Nxb6 axb6 13. Be3 b5 14. d5 Bd7
15. Bd4 O-O 16. Bxg7 Kxg7 17. Qd4+ f6 18. e5 Ra4 19. exf6+ exf6 20. Qd2 cxd5 21.
Qxd5 Bc6 22. Qc5 Qa5 23. a3 Rf7 24. Rfd1 Re4 25. Bd3 Re5 26. Qb4 Qc7 27. Bf1 h5
28. Re1 Rfe7 29. Rxe5 Qxe5 30. Rd1 g5 31. Rd8 h4 32. Qg4 Qe4 33. Qh5 Qh7 34. Qg4
Qe4 35. Qc8 Qe6 36. Qb8 h3 37. Rh8 Re8 38. Rxe8 Qxe8 39. Qxe8 Bxe8 40. gxh3 f5
41. Kg2 Bc6+ 42. Kg3 Kf6 43. h4 f4+ 44. Kg4 Bd7+ 45. Kf3 Bc6+ 46. Kg4 Bd7+ 47.
Kh5 Be8+ 48. Kh6 gxh4 49. Bd3 h3 50. Bf1 Bd7 51. Bd3 Ke5 52. Kg5 Bc6 53. Kg4
Bd7+ 54. Kg5 Bc6 55. Bf1 Kd5 56. Bxh3 Kc4 57. Kxf4 Kxc3 58. Be6 Kb2 59. h4 Kxa3
60. h5 Be8 61. h6 Bg6 62. Bf5 Bxf5 63. Kxf5 b4 64. h7 b3 65. h8=Q b2 66. Qa8+ 1-0

[Event "Titled Tue 17th Jun Early"]
[Site "chess.com INT"]
[Date "2025.06.17"]
[Round "11"]
[White "Osiecki, Stanislaw"]
[Black "Skiadopoulos, Nikolaos"]
[Result "1-0"]
[WhiteTitle "FM"]
[BlackTitle "CM"]
[WhiteElo "1944"]
[BlackElo "1882"]
[WhiteFideId "1102990"]
[BlackFideId "4200772"]
[EventDate "2025.06.17"]

1. e4 c5 2. c3 d5 3. e5 d4 4. Bc4 e6 5. Nf3 a6 6. a4 Nc6 7. O-O Na5 8. Ba2 Be7
9. d3 Bd7 10. cxd4 cxd4 11. Nxd4 Bc5 12. Qg4 Kf8 13. Nf3 h5 14. Qg3 Be7 15. d4
h4 16. Qg4 f5 17. exf6 Nxf6 18. Qf4 h3 19. g3 Nc6 20. Re1 Qb8 21. Qxb8+ Rxb8 22.
Bxe6 Bxe6 23. Rxe6 Kf7 24. Ng5+ Kg6 25. Nc3 Bb4 26. Nd5 Nxd4 27. Nxb4 Nxe6 28.
Nxe6 Rhe8 29. Nf4+ Kf5 30. Be3 Rbd8 31. Nxh3 Nd5 32. Nxd5 Rxd5 33. Nf4 Ra5 34.
b4 Rae5 35. Bd4 Re1+ 36. Rxe1 Rxe1+ 37. Kg2 g5 38. Nh5 Re4 39. Bc5 Kg6 40. Kf3
Rc4 41. g4 Rc3+ 42. Kg2 Ra3 43. a5 Rd3 44. Ng3 Kf6 45. Ne4+ Ke5 46. Nxg5 Kf4 47.
Be3+ Kxg4 48. h3+ Kf5 49. Nf3 Rb3 50. Bc5 Ke4 51. Ng5+ Kf5 52. Nf3 Rc3 53. Nd4+
Ke4 54. h4 Rxc5 55. bxc5 Kxd4 56. h5 Kxc5 57. h6 b5 58. h7 b4 59. h8=Q Kb5 60.
Qb2 Kxa5 61. f4 Kb5 62. f5 a5 63. f6 a4 64. f7 a3 65. Qb3 1-0

[Event "Titled Tue 17th Jun Early"]
[Site "chess.com INT"]
[Date "2025.06.17"]
[Round "11"]
[White "Terron Elena, Francisco M."]
[Black "Begunov, Konstantin"]
[Result "0-1"]
[WhiteTitle "FM"]
[BlackTitle "FM"]
[WhiteElo "2148"]
[BlackElo "2325"]
[WhiteFideId "2210576"]
[BlackFideId "4118510"]
[EventDate "2025.06.17"]

1. e4 g6 2. d4 Bg7 3. Nc3 c6 4. Nf3 d5 5. h3 dxe4 6. Nxe4 Nd7 7. Bc4 Ngf6 8. Nc3
O-O 9. O-O Nb6 10. Bb3 a5 11. a4 Nbd5 12. Re1 Nxc3 13. bxc3 Bf5 14. Ba3 Re8 15.
Ng5 Nd5 16. Qf3 e5 17. Ne4 exd4 18. Nd6 Rxe1+ 19. Rxe1 Qd7 20. Bxd5 cxd5 21.
cxd4 Be6 22. Nb5 Rc8 23. c3 h6 24. Qf4 Kh7 25. Bd6 Rc4 26. Ra1 Bf5 27. Bc5 Qe6
28. Nd6 Rxc3 29. Nxb7 Qe2 30. Nd6 Rxc5 31. Nxf5 Rc4 32. Nxg7 Kxg7 33. Qd6 Qe4
34. Qb6 Qxd4 35. Qxd4+ Rxd4 36. Kf1 Kf6 37. Ke2 Ke5 38. Ke3 Rb4 39. Ra3 f5 40.
g3 g5 41. Ra2 f4+ 42. Kf3 Rb3+ 43. Kg2 f3+ 44. Kh2 d4 45. g4 d3 46. Kg3 Kd4 47.
Kxf3 Kc3 48. Ke3 Kb4 49. Rd2 Kxa4 50. Rxd3 Rxd3+ 51. Kxd3 Kb3 52. f4 gxf4 53. h4
a4 54. g5 hxg5 55. hxg5 a3 56. g6 a2 57. g7 a1=Q 58. g8=Q+ Ka3 59. Qa8+ Kb2 60.
Qh8+ Kb1 61. Qh1+ Ka2 0-1

[Event "Titled Tue 17th Jun Early"]
[Site "chess.com INT"]
[Date "2025.06.17"]
[Round "11"]
[White "Jval Saurin Patel"]
[Black "Injac, Teodora"]
[Result "1-0"]
[WhiteTitle "FM"]
[BlackTitle "IM"]
[WhiteElo "2331"]
[BlackElo "2457"]
[WhiteFideId "25968343"]
[BlackFideId "932400"]
[EventDate "2025.06.17"]

1. d4 Nf6 2. c4 e6 3. Nc3 d5 4. cxd5 exd5 5. Bg5 c6 6. Qc2 h6 7. Bh4 Be6 8. e3
Nbd7 9. Bd3 g5 10. Bg3 Nh5 11. Nf3 Nxg3 12. hxg3 Bg7 13. Bf5 Qf6 14. g4 O-O-O
15. O-O-O Kb8 16. Ne2 h5 17. Bxe6 fxe6 18. gxh5 g4 19. Nh2 Qxf2 20. Nxg4 Qxg2
21. Rhg1 Qe4 22. Qxe4 dxe4 23. Nf4 Bh6 24. Nxe6 Rde8 25. Nxh6 Rxe6 26. Nf5 Rf6
27. Rg5 Nf8 28. Ng3 Rf3 29. Nxe4 Rxe3 30. Nc5 Ne6 31. Nxe6 Rxe6 32. d5 Reh6 33.
Rh1 Kc7 34. dxc6 Kxc6 35. Kd2 Rd6+ 36. Ke3 Re6+ 37. Kf3 Rf8+ 38. Kg3 Re3+ 39.
Kh4 Re4+ 40. Rg4 Re2 41. h6 Rxb2 42. h7 Rh8 43. Kg5 Rxa2 44. Kg6 Re2 45. Kg7
Ree8 46. Rh5 b6 47. Rg6+ Kb7 48. Rf5 a5 49. Rf7+ Ka6 50. Rff6 a4 51. Rxb6+ Ka5
52. Ra6+ Kb5 53. Ra7 Kb4 54. Rg4+ Kb5 55. Raxa4 Rhf8 56. Raf4 Rh8 57. Rf7 Kc6
58. Kh6 Kd6 59. Rg6+ 1-0

[Event "Titled Tue 17th Jun Early"]
[Site "chess.com INT"]
[Date "2025.06.17"]
[Round "11"]
[White "Loskutova, Viktoriya"]
[Black "Vlassov, Nikolai"]
[Result "1-0"]
[WhiteTitle "WFM"]
[BlackTitle "IM"]
[WhiteElo "2092"]
[BlackElo "2291"]
[WhiteFideId "34166278"]
[BlackFideId "4103360"]
[EventDate "2025.06.17"]

1. e4 Nc6 2. Nf3 d5 3. exd5 Qxd5 4. Nc3 Qa5 5. d4 Bg4 6. Bb5 O-O-O 7. Bxc6 bxc6
8. Qd3 c5 9. d5 e6 10. O-O c4 11. Qe3 Bxf3 12. Qxf3 exd5 13. Rd1 Nf6 14. Bg5 c6
15. b3 Bb4 16. Ne2 Qa6 17. c3 Be7 18. Nd4 Rhe8 19. bxc4 Qxc4 20. Rab1 Rd7 21.
Bf4 Bd6 22. Bxd6 Rxd6 23. Nf5 Rde6 24. Nxg7 Qe4 25. Qxe4 Nxe4 26. Nxe8 Rxe8 27.
Rbc1 Re6 28. f3 Nc5 29. Kf2 Kc7 30. Rd4 h5 31. c4 Kd6 32. cxd5 cxd5 33. Rcd1 Re5
34. h3 Kc6 35. g4 hxg4 36. fxg4 Ne6 37. R4d2 Ng5 38. Kg2 f6 39. h4 Ne6 40. h5
Rg5 41. Kf3 f5 42. gxf5 Rxf5+ 43. Kg4 Rf4+ 44. Kg3 Rf5 45. Rh2 Ng5 46. h6 Ne4+
47. Kg4 Rf8 48. Rdh1 Nf2+ 49. Rxf2 Rxf2 50. h7 Rf8 51. h8=Q Rxh8 52. Rxh8 Kc5
53. Kf4 a5 54. Ke5 1-0

[Event "Titled Tue 17th Jun Early"]
[Site "chess.com INT"]
[Date "2025.06.17"]
[Round "11"]
[White "Sapocinic, Semion"]
[Black "Skliarov, Viktor"]
[Result "1/2-1/2"]
[WhiteTitle "FM"]
[BlackTitle "IM"]
[WhiteElo "2296"]
[BlackElo "2334"]
[WhiteFideId "13908693"]
[BlackFideId "14106736"]
[EventDate "2025.06.17"]

1. d4 Nf6 2. c4 e6 3. Nf3 b6 4. a3 Bb7 5. Nc3 d5 6. cxd5 Nxd5 7. Qc2 Be7 8. e4
Nxc3 9. bxc3 O-O 10. Bd3 c5 11. O-O cxd4 12. cxd4 Nc6 13. Bb2 Rc8 14. Qe2 Na5
15. Rad1 Qe8 16. Rfe1 Qa4 17. d5 Nc4 18. dxe6 Nxb2 19. exf7+ Rxf7 20. Qxb2 Qxa3
21. Qe2 Kh8 22. Ne5 Rf6 23. Bc4 Rcf8 24. Qh5 Qc5 25. Re3 g6 26. Qh6 Qxe5 27. Rh3
R6f7 28. Bxf7 Rxf7 29. Rhd3 Qg7 30. Rd8+ Bf8 31. Qxg7+ Kxg7 32. e5 Bc5 33. R8d7
Bc6 34. e6 Re7 35. Rxe7+ Bxe7 36. Rc1 Kf6 37. Rxc6 b5 38. Ra6 Bc5 39. Ra5 Kxe6
40. Rxb5 Bb6 41. Rb1 Kd5 42. g3 Kc4 43. Kg2 Bd4 44. Rb7 h5 45. h4 a5 46. Rc7+
Kb3 47. Rc6 a4 48. Rxg6 a3 49. Ra6 a2 50. f3 a1=Q 51. Rxa1 Bxa1 52. g4 hxg4 53.
fxg4 Kc4 54. Kf3 Kd5 55. Kf4 Ke6 56. Kg5 Kf7 57. Kf5 Kg7 58. h5 Kh7 59. g5 Bg7
60. Kg4 Bf8 61. Kf5 Bg7 62. Ke6 Bf8 63. Kf7 Bg7 64. Ke7 Bc3 65. Ke6 Bg7 66. Kf7
Bd4 67. h6 Bc3 68. g6+ Kxh6 69. g7 Bxg7 1/2-1/2

[Event "Titled Tue 17th Jun Early"]
[Site "chess.com INT"]
[Date "2025.06.17"]
[Round "11"]
[White "Stanojevic, Ilija"]
[Black "Bulgak, Damir"]
[Result "0-1"]
[WhiteTitle "FM"]
[BlackTitle "CM"]
[WhiteElo "2189"]
[BlackElo "2213"]
[WhiteFideId "959995"]
[BlackFideId "13528882"]
[EventDate "2025.06.17"]

1. e4 c5 2. Nf3 Nc6 3. Bb5 Nf6 4. Nc3 d6 5. O-O Bd7 6. Re1 e6 7. d3 Be7 8. a4
O-O 9. e5 dxe5 10. Nxe5 Nxe5 11. Rxe5 Bxb5 12. axb5 Bd6 13. Re1 Qd7 14. Qf3 Nd5
15. Nxd5 exd5 16. g3 d4 17. Qd5 Qc7 18. Bd2 h6 19. Kg2 Rfd8 20. Ba5 b6 21. Bd2
Bxg3 22. Qf3 Bxh2 23. Rh1 Be5 24. Rae1 Re8 25. Rh5 Rad8 26. Qg4 Kf8 27. Rxh6
gxh6 28. Bxh6+ Ke7 29. f4 Qb7+ 30. Kf2 Kd6 31. fxe5+ Kc7 32. Bf4 Re6 33. Qf5 Kb8
34. Rg1 Qd7 35. Rg7 Rf8 36. b3 Kc8 37. Qe4 Qb7 38. Qf5 Qd7 39. Rh7 Qxb5 40. Rxf7
Rxf7 41. Qxf7 Qd7 42. Qf5 Kb7 43. Qe4+ Qc6 44. Qf5 a5 45. Bg3 Ka6 46. Qf8 Qd5
47. Qc8+ Kb5 48. Qh8 a4 49. bxa4+ Kxa4 50. Qc8 Kb5 51. Qh8 Qa2 52. Kf3 Qxc2 53.
Qh7 Rc6 54. Ke4 Qe2+ 55. Kd5 Qf3+ 56. Qe4 Qxg3 57. Qh1 Qg8+ 58. Ke4 Qg4+ 59. Kd5
Qe6+ 60. Ke4 Ka6 61. Qa1+ Kb7 62. Qh1 Rc7 63. Kf4+ Qc6 64. Qh5 Qd5 65. Qe8 Qf7+
66. Qxf7 Rxf7+ 67. Ke4 Kc6 68. e6 Re7 69. Ke5 b5 70. Kf6 Kd6 0-1

[Event "Titled Tue 17th Jun Early"]
[Site "chess.com INT"]
[Date "2025.06.17"]
[Round "11"]
[White "Nikulina, Alena"]
[Black "Kjaergaard-Jensen, Jesper"]
[Result "1/2-1/2"]
[WhiteTitle "WFM"]
[BlackTitle "CM"]
[WhiteElo "1875"]
[BlackElo "2081"]
[WhiteFideId "4172051"]
[BlackFideId "1406990"]
[EventDate "2025.06.17"]

1. e4 Nf6 2. e5 Nd5 3. d4 d6 4. Bc4 Nb6 5. Bb3 dxe5 6. Qh5 e6 7. dxe5 Nc6 8. Nf3
a5 9. c3 g6 10. Qg4 h5 11. Qe4 a4 12. Bc2 Qd5 13. O-O Bg7 14. Re1 Qxe4 15. Rxe4
Bd7 16. Na3 Ra5 17. Bf4 g5 18. Bxg5 Nxe5 19. Nxe5 Bxe5 20. Rxe5 Rxe5 21. Bf6 Rg8
22. Bxe5 Bc6 23. g3 h4 24. Bxc7 Nd5 25. Be5 f6 26. Bd6 Kd7 27. Bc5 b6 28. Bd4 e5
29. Bf5+ Ke7 30. Re1 Kf7 31. Be3 hxg3 32. fxg3 b5 33. Nc2 Rh8 34. Nb4 Nxb4 35.
cxb4 Bd5 36. a3 Bc4 37. Bc5 Rh5 38. g4 Rh3 39. Rd1 Rb3 40. Rd7+ Ke8 41. Re7+ Kd8
42. Rd7+ Ke8 43. h4 Rxb2 44. h5 Rb1+ 45. Kf2 Rb2+ 46. Kg3 Rb3+ 47. Kh4 Rxa3 48.
h6 Ra1 49. Kh5 Bf7+ 50. Kh4 Rh1+ 51. Kg3 Rxh6 52. Re7+ Kf8 53. Rxe5+ Kg7 54. Re7
Kg8 55. Be6 Bxe6 56. Rxe6 Kf7 57. Re7+ Kg6 58. Rb7 Rh1 59. Rxb5 Rb1 60. Ra5 Rb3+
61. Kf4 a3 62. b5 a2 63. Rxa2 Rxb5 64. Rc2 Ra5 65. Kg3 Ra4 66. Kh4 f5 67. Bd6
Rxg4+ 68. Kh3 Re4 69. Rg2+ Kh5 70. Rg3 Rh4+ 71. Kg2 Rg4 72. Rxg4 Kxg4 73. Bg3 f4
74. Bxf4 1/2-1/2

[Event "Titled Tue 17th Jun Early"]
[Site "chess.com INT"]
[Date "2025.06.17"]
[Round "11"]
[White "Bukreev, Stanislav"]
[Black "Shukhman, Anna"]
[Result "1-0"]
[WhiteTitle "FM"]
[BlackTitle "WGM"]
[WhiteElo "2305"]
[BlackElo "2413"]
[WhiteFideId "34252347"]
[BlackFideId "54180058"]
[EventDate "2025.06.17"]

1. d4 d5 2. c4 e5 3. dxe5 Ne7 4. cxd5 Qxd5 5. Qxd5 Nxd5 6. a3 Nc6 7. e4 Nb6 8.
Bb5 Be6 9. Nc3 O-O-O 10. Bxc6 bxc6 11. Nge2 Bc4 12. O-O Bc5 13. Re1 Rhe8 14. b4
Bd4 15. Nxd4 Rxd4 16. f4 Rd3 17. Re3 Red8 18. Kf2 Ba6 19. Ne2 Nc4 20. Rxd3 Rxd3
21. Ra2 g5 22. g3 g4 23. Ke1 Ne3 24. Rd2 Rb3 25. Kf2 Nc4 26. Ra2 Rf3+ 27. Ke1
Ne3 28. Bxe3 Rxe3 29. Kf2 Rf3+ 30. Ke1 Re3 31. Rc2 Kd7 32. a4 Rxe4 33. Kf2 Rxb4
34. Nc3 Rc4 35. Rd2+ Ke6 36. Nd1 Rxa4 37. Ne3 f5 38. exf6 Kxf6 39. Nxg4+ Ke7 40.
Ne5 c5 41. Nc6+ Kf6 42. Nxa7 c4 43. Nc6 c3 44. Rc2 Ra3 45. Nb4 c5 46. Nxa6 Rxa6
47. Rxc3 Ra2+ 48. Kg1 Ra5 49. h3 Kf5 50. Kg2 Ke4 51. Rc4+ Kd3 52. Rc1 c4 53. Kf3
c3 54. g4 Kd2 55. Rf1 c2 56. f5 Ra3+ 57. Kf4 Rxh3 58. f6 Ra3 59. Kg5 Ra8 60. Kh6
c1=Q 61. Rxc1 Kxc1 62. Kxh7 Kd2 63. g5 Ke3 64. g6 Kf4 65. f7 Kf5 66. g7 Ra1 67.
f8=Q+ Kg5 68. g8=Q+ 1-0

[Event "Titled Tue 17th Jun Early"]
[Site "chess.com INT"]
[Date "2025.06.17"]
[Round "11"]
[White "Nezamyatin, Ruslan"]
[Black "Huseynova, Dinara"]
[Result "1-0"]
[WhiteTitle "CM"]
[BlackTitle "WCM"]
[WhiteElo "2070"]
[BlackElo "1833"]
[WhiteFideId "24153451"]
[BlackFideId "13437313"]
[EventDate "2025.06.17"]

1. d4 Nf6 2. c4 e6 3. Nf3 Bb4+ 4. Bd2 Be7 5. g3 b6 6. Bg2 Bb7 7. O-O O-O 8. Bc3
d6 9. Nbd2 Nbd7 10. Qc2 d5 11. Ne5 Rb8 12. Nxd7 Qxd7 13. e4 dxe4 14. Nxe4 Nxe4
15. Bxe4 Bxe4 16. Qxe4 Bf6 17. Rad1 c6 18. Rd3 Qc7 19. Rfd1 Rfd8 20. f4 Rd7 21.
g4 h6 22. Rg3 Bh4 23. Rh3 Bf6 24. g5 hxg5 25. fxg5 Bxg5 26. Qh7+ Kf8 27. Qh8+
Ke7 28. Qxg7 Bf6 29. Qg4 Rdd8 30. Kh1 Rg8 31. Qf3 Rg7 32. Rf1 Bg5 33. d5 e5 34.
Qf5 Bf4 35. Rxf4 exf4 36. Bxg7 Rg8 37. Be5 Qd7 38. Qxd7+ Kxd7 39. dxc6+ Kxc6 40.
Bxf4 Re8 41. Re3 Rd8 42. Re2 Rd1+ 43. Kg2 Rd4 44. Kg3 Rxc4 45. h4 Kd7 46. h5 Rc5
47. h6 Rh5 48. Rh2 Rc5 49. h7 Rc8 50. h8=Q Rxh8 51. Rxh8 Ke6 52. Ra8 a5 53. Rb8
Kd5 54. Rxb6 Kc5 55. Ra6 a4 56. Rxa4 Kb5 57. Re4 f5 58. Re5+ Kc6 59. Rxf5 Kb7
60. Kg4 Ka6 61. Rd5 Kb7 62. Kf5 Kc6 63. Ke6 Kb7 64. Kd6 Ka6 65. Rc5 Kb7 66. Rc6
Ka7 67. Be3+ Ka8 68. Rc7 Kb8 69. Kc6 Ka8 70. Rc8# 1-0

[Event "Titled Tue 17th Jun Early"]
[Site "chess.com INT"]
[Date "2025.06.17"]
[Round "11"]
[White "Ivashentseva, Dominika"]
[Black "Mompel Ferruz, Xavier"]
[Result "0-1"]
[WhiteTitle "WCM"]
[BlackTitle "FM"]
[WhiteElo "1969"]
[BlackElo "2342"]
[WhiteFideId "34331050"]
[BlackFideId "54585775"]
[EventDate "2025.06.17"]

1. d4 d5 2. c4 e6 3. Nf3 Nf6 4. g3 Be7 5. Bg2 O-O 6. O-O dxc4 7. Qc2 a6 8. a4
Bd7 9. Qxc4 Bc6 10. Bg5 Bd5 11. Qc1 Nc6 12. Nc3 Nb4 13. Bxf6 Bxf6 14. e4 Bc6 15.
Rd1 Rc8 16. d5 exd5 17. exd5 Bxd5 18. Nxd5 Nxd5 19. Qc5 c6 20. Rab1 Qe7 21. Qc4
Rfd8 22. Re1 Qb4 23. Qc2 Nb6 24. Re4 Qd6 25. h4 Nd5 26. Rd1 b5 27. axb5 axb5 28.
Rg4 h5 29. Re4 Nb4 30. Rxd6 Nxc2 31. Rxd8+ Rxd8 32. Ne5 Nd4 33. Re3 c5 34. Kh2
c4 35. Nc6 Nxc6 36. Bxc6 Bxb2 37. Bxb5 c3 38. Ba4 Rd2 39. Re8+ Kh7 40. Rc8 Rxf2+
41. Kh3 Rd2 42. Bb3 Kg6 43. Rc6+ f6 44. Rc7 Kh7 45. Rc8 Rf2 46. Bg8+ Kh6 47. Bb3
Rf3 48. Rh8+ Kg6 49. Rc8 Rf2 50. Ba4 Rd2 51. Bb3 f5 52. Rc6+ Kh7 53. Rc8 g6 54.
Bg8+ Kg7 55. Bb3 Kf6 56. Rc6+ Ke5 57. Rxg6 c2 58. Bxc2 Rxc2 59. Rg5 Bd4 60. Rxh5
Rc3 61. Rh7 f4 62. Re7+ Kf6 63. Re4 Rxg3+ 64. Kh2 Be5 65. h5 Kf5 66. Ra4 Rg5 0-1

[Event "Titled Tue 17th Jun Early"]
[Site "chess.com INT"]
[Date "2025.06.17"]
[Round "11"]
[White "Foldes, Marton Gabor"]
[Black "Simonovic, Miroslav"]
[Result "1-0"]
[WhiteTitle "FM"]
[BlackTitle "CM"]
[WhiteElo "2295"]
[BlackElo "2092"]
[WhiteFideId "794708"]
[BlackFideId "919152"]
[EventDate "2025.06.17"]

1. Nf3 c5 2. g3 Nc6 3. c4 g6 4. Bg2 Bg7 5. O-O e5 6. Nc3 Nge7 7. e3 O-O 8. a3 d6
9. d3 h6 10. Rb1 a5 11. Nd5 Nxd5 12. cxd5 Ne7 13. Nd2 b5 14. a4 Ba6 15. axb5
Bxb5 16. Nc4 f5 17. Qc2 Ra6 18. Bd2 Qa8 19. b3 Kh7 20. Ra1 a4 21. bxa4 Bxa4 22.
Qc1 Bb5 23. Rxa6 Qxa6 24. h4 g5 25. hxg5 hxg5 26. e4 f4 27. gxf4 exf4 28. f3
Bd4+ 29. Kh2 Kg6 30. Bh3 Rh8 31. Kg2 Rh6 32. Qc2 Kf6 33. Rh1 Bxc4 34. dxc4 Qa3
35. Qb1 Qb2 36. Qxb2 Bxb2 37. Rb1 Be5 38. Rb8 Ng6 39. Rb7 Nh4+ 40. Kf2 Rh8 41.
Be6 Ra8 42. Bg4 Ra2 43. Ke1 Bd4 44. Rd7 Ng2+ 45. Kd1 Be5 46. Kc1 Ne3 47. Be1 Re2
48. Bd2 Rf2 49. Rh7 Nf1 50. Be1 Ng3 51. Bxf2 Ne2+ 52. Kd2 Nd4 53. Bxd4 Bxd4 54.
Kd3 Be3 55. Be6 Bd4 56. Rf7+ Kg6 57. Rd7 Kh5 58. Rxd6 Kh4 59. Bg4 Kg3 60. Rh6
Kf2 61. Rh2+ Kg1 62. Rh5 Be5 63. Rxg5 Bc7 64. Rg7 Ba5 65. d6 Kf2 66. e5 Ke1 67.
e6 Kf2 68. e7 Kg3 69. e8=Q Bd8 70. Qe1+ Kh2 71. Rh7+ Bh4 72. Rxh4+ Kg2 73. Qh1+ 1-0

[Event "Titled Tue 17th Jun Early"]
[Site "chess.com INT"]
[Date "2025.06.17"]
[Round "11"]
[White "Preobrazhenskaya, Diana"]
[Black "Shuvalov, Evgenij"]
[Result "1-0"]
[WhiteTitle "WFM"]
[WhiteElo "2005"]
[BlackElo "1986"]
[WhiteFideId "34270566"]
[BlackFideId "4187237"]
[EventDate "2025.06.17"]

1. e4 e6 2. d4 d5 3. Nc3 Bb4 4. e5 c5 5. a3 Bxc3+ 6. bxc3 Ne7 7. Qg4 Qc7 8. Bd3
c4 9. Be2 Nf5 10. Nf3 Qa5 11. Bd2 Qa4 12. Bd1 Nc6 13. h4 Bd7 14. h5 h6 15. Nh4
Rg8 16. Nxf5 exf5 17. Qf3 Be6 18. g3 O-O-O 19. Kf1 Qa5 20. Qe3 Qb5 21. Bc1 Qa4
22. Kg2 Rh8 23. Rb1 Rh7 24. Rh4 Rdh8 25. Rb2 g5 26. hxg6 fxg6 27. f4 Qa5 28. g4
Qd8 29. Qh3 Qd7 30. g5 h5 31. Bd2 Qc7 32. Qg3 Qa5 33. Bc1 Qxa3 34. Qe3 Qa1 35.
Qd2 Rc7 36. Bf3 Kb8 37. Rh1 Ne7 38. Rb5 Rd8 39. Bb2 Qa4 40. Rb4 Qd7 41. Ba3 Nc8
42. Rh4 Rc6 43. Qc1 Ra6 44. Qb2 Qc7 45. Rb5 Rb6 46. Bc5 Rxb5 47. Qxb5 b6 48. Ba3
Qd7 49. Qb4 a5 50. Qb2 Ka7 51. Rh1 Qc6 52. Rb1 Rd7 53. Bf8 Rb7 54. Qa2 Ka6 55.
Bb4 Qd7 56. Ra1 Qc7 57. Qa4 Ka7 58. Ba3 Kb8 59. Bb4 Ra7 60. Bd6 Nxd6 61. exd6
Qxd6 62. Qe8+ Bc8 63. Rb1 Rb7 64. Qb5 Qd7 65. Qxd5 Qxd5 66. Bxd5 Ra7 67. Rxb6+
Kc7 68. Rxg6 a4 69. Rg7+ Kb6 70. Rxa7 Kxa7 71. Bxc4 Bb7+ 72. Kg3 Be4 73. g6 Bxc2
74. g7 Bb3 75. Bxb3 axb3 76. g8=Q b2 77. Qb3 h4+ 78. Kxh4 1-0

[Event "Titled Tue 17th Jun Early"]
[Site "chess.com INT"]
[Date "2025.06.17"]
[Round "11"]
[White "Mizzi, Jack"]
[Black "Logozar, Elijah"]
[Result "1-0"]
[WhiteTitle "CM"]
[WhiteElo "2107"]
[BlackElo "1928"]
[WhiteFideId "5602521"]
[BlackFideId "30963788"]
[EventDate "2025.06.17"]

1. d4 Nf6 2. Nf3 d5 3. g3 g6 4. Bg2 Bg7 5. O-O O-O 6. b3 a5 7. a4 b6 8. Bb2 Bb7
9. Nbd2 Nbd7 10. c4 e6 11. Rc1 c5 12. Ne5 Nxe5 13. dxe5 Nd7 14. cxd5 exd5 15.
Nf3 Qc7 16. e4 d4 17. Nxd4 Nxe5 18. Nb5 Qe7 19. Qc2 Ba6 20. Rfd1 Bxb5 21. axb5
Rfd8 22. Rd5 Rxd5 23. exd5 Qd7 24. Qe2 Ng4 25. Bxg7 Kxg7 26. Bh3 f5 27. Bxg4
fxg4 28. Qe5+ Kf7 29. Re1 Re8 30. Qf4+ Kg7 31. Rxe8 Qxe8 32. Qxg4 Qxb5 33. d6
Kf7 34. Qe4 Qd7 35. Qd5+ Kf6 36. f4 h6 37. Kf2 Qd8 38. Qe5+ Kf7 39. Qd5+ Kf6 40.
Kf3 Qd7 41. Ke4 a4 42. Qe5+ Kf7 43. bxa4 Qxa4+ 44. Kf3 Qc6+ 45. Kf2 Qd7 46. Qd5+
Kf6 47. Qe5+ Kf7 48. g4 c4 49. f5 gxf5 50. gxf5 b5 51. Ke3 Qa7+ 52. Kf3 Qb7+ 53.
Kg3 Qd7 54. Kf4 b4 55. Qd5+ Kf6 56. Qd4+ Kf7 57. Qxc4+ Kf6 58. Qd4+ Kf7 59. Qxb4
Kf6 60. Qd4+ Kf7 61. Qd5+ Kf6 62. Qe5+ Kf7 63. Qe7+ Qxe7 64. dxe7 Kxe7 65. Ke5
Kf7 66. f6 h5 67. h4 Kf8 68. Kf5 Kg8 69. Kg6 Kf8 70. Kxh5 Kf7 71. Kg5 Kg8 72.
Kg6 Kh8 73. h5 Kg8 74. h6 Kh8 75. Kf7 Kh7 76. Ke7 Kxh6 77. f7 Kg7 78. f8=Q+ Kg6
79. Qf6+ Kh7 80. Qg5 Kh8 81. Kf7 Kh7 82. Qh5# 1-0

[Event "Titled Tue 17th Jun Early"]
[Site "chess.com INT"]
[Date "2025.06.17"]
[Round "11"]
[White "Tuguldur, Soninbayar"]
[Black "Rahman, Masruri"]
[Result "1/2-1/2"]
[WhiteTitle "CM"]
[BlackTitle "FM"]
[WhiteElo "2120"]
[BlackElo "2407"]
[WhiteFideId "4921224"]
[BlackFideId "7101163"]
[EventDate "2025.06.17"]

1. d4 Nf6 2. Bf4 d6 3. Nf3 g6 4. Nc3 Bg7 5. e4 c6 6. Qd2 b5 7. e5 b4 8. exf6
bxc3 9. Qxc3 Bxf6 10. Bc4 O-O 11. O-O Qb6 12. Qb3 Ba6 13. Bxa6 Nxa6 14. Qxb6
axb6 15. c3 Nc7 16. a3 Nd5 17. Bg3 b5 18. Rfe1 Nb6 19. Nd2 Rfe8 20. h3 Bg7 21.
Rad1 Na4 22. Rb1 f5 23. f3 e5 24. dxe5 dxe5 25. Bf2 Red8 26. Nb3 Rd3 27. Re2 Kf7
28. Nc5 Nxc5 29. Bxc5 Rad8 30. Rbe1 R8d5 31. Bb6 Rd2 32. Kf1 Rd1 33. Rxd1 Rxd1+
34. Re1 Rd2 35. Re2 Rd1+ 36. Re1 Rd7 37. Ke2 Ke6 38. Be3 Bf8 39. Rc1 Rb7 40. Rd1
Bd6 41. Rd2 h5 42. Kd3 c5 43. Kc2 c4 44. Rd1 Rb8 45. Bf2 g5 46. Ra1 Ra8 47. Re1
g4 48. hxg4 hxg4 49. Rh1 gxf3 50. gxf3 Rg8 51. Kd2 Rg2 52. Ke1 Kd5 53. Kf1 Rg8
54. Rh5 Rf8 55. Ke2 e4 56. Rh6 Re8 57. Rf6 f4 58. fxe4+ Rxe4+ 59. Kf3 Re8 60.
Rf5+ Kc6 61. Rf6 Rh8 62. Rg6 Rh3+ 63. Kg2 Rd3 64. Bd4 Rd2+ 65. Kf3 Kd5 66. Rg5+
Kc6 67. Rg6 Kc7 68. Rg7+ Kc6 69. Rg6 1/2-1/2

[Event "Titled Tue 17th Jun Early"]
[Site "chess.com INT"]
[Date "2025.06.17"]
[Round "11"]
[White "Chylewski, Patryk"]
[Black "Nayem, Haque"]
[Result "1-0"]
[WhiteTitle "IM"]
[BlackTitle "FM"]
[WhiteElo "2313"]
[BlackElo "2180"]
[WhiteFideId "1186191"]
[BlackFideId "10217754"]
[EventDate "2025.06.17"]

1. d4 d5 2. c4 c6 3. cxd5 Qxd5 4. Nc3 Qd8 5. e4 Nf6 6. Nf3 g6 7. Be2 Bg7 8. O-O
O-O 9. Bg5 Bg4 10. Rc1 Na6 11. Re1 Nc7 12. h3 Be6 13. Be3 h6 14. Qd2 Kh7 15.
Red1 Qc8 16. Ne5 Qd8 17. Nd3 Bc4 18. Nc5 Bxe2 19. Qxe2 Rb8 20. Bf4 Nd7 21. Nb3
Rc8 22. Na4 Qe8 23. d5 cxd5 24. Rxc7 Rxc7 25. Bxc7 Nf6 26. Nc3 Qc6 27. Be5 dxe4
28. Bxf6 Qxf6 29. Qxe4 b6 30. Rd2 e6 31. Rd7 h5 32. Qd3 Bh6 33. Rxa7 Bf4 34. Rd7
Bb8 35. Qd4 e5 36. Qd5 Qf4 37. Ne4 Kh6 38. Qd2 Qxd2 39. Nexd2 f5 40. Rb7 e4 41.
Rxb6 Bf4 42. Kf1 Rd8 43. Ke2 Be5 44. a4 Bxb2 45. a5 Bc3 46. a6 Rd7 47. Rb7 Rd6
48. a7 Ra6 49. Nc4 Ra2+ 50. Ke3 Be1 51. Nbd2 f4+ 52. Ke2 Bxd2 53. Nxd2 Kg5 54.
Ke1 e3 55. fxe3 fxe3 56. Nc4 Kf4 57. Rf7+ Ke4 58. Re7+ Kd3 59. Nxe3 Ra1+ 60. Kf2
g5 61. Kg3 Ra2 62. Nd5 h4+ 63. Kh2 Kd4 64. Nb6 Ra6 65. a8=Q Rxa8 66. Nxa8 Kd5
67. Rg7 Kd6 68. Rxg5 1-0